Welcome to CU Library Online Public Access Catalogue (OPAC)

Taking sides. (Record no. 3694)

MARC details
000 -LEADER
fixed length control field 00958cam a2200265 a 4500
001 - CONTROL NUMBER
control field 15180152
005 - DATE AND TIME OF LATEST TRANSACTION
control field 20250208163804.0
008 - FIXED-LENGTH DATA ELEMENTS--GENERAL INFORMATION
fixed length control field 080213s2008 maua b 001 0 eng
020 ## - INTERNATIONAL STANDARD BOOK NUMBER
International Standard Book Number 9780073397238
050 00 - LIBRARY OF CONGRESS CALL NUMBER
Classification number RA776.9
Item number .T35 2008
082 00 - DEWEY DECIMAL CLASSIFICATION NUMBER
Classification number 613
Edition information 22
245 00 - TITLE STATEMENT
Title Taking sides.
Name of part/section of a work Clashing views in health and society /
Statement of responsibility, etc. selected, edited, and with introductions by Eileen L. Daniel.
250 ## - EDITION STATEMENT
Edition statement 8th ed.
260 ## - PUBLICATION, DISTRIBUTION, ETC.
Place of publication, distribution, etc. Boston :
Name of publisher, distributor, etc. McGraw-Hill Higher Education,
Date of publication, distribution, etc. c2008.
300 ## - PHYSICAL DESCRIPTION
Extent xx, 337 p. :
Other physical details ill. ;
Dimensions 24 cm.
650 #0 - SUBJECT ADDED ENTRY--TOPICAL TERM
Topical term or geographic name entry element Health behavior.
650 #0 - SUBJECT ADDED ENTRY--TOPICAL TERM
Topical term or geographic name entry element Health
General subdivision Decision making.
650 #0 - SUBJECT ADDED ENTRY--TOPICAL TERM
Topical term or geographic name entry element Substance abuse.
650 #0 - SUBJECT ADDED ENTRY--TOPICAL TERM
Topical term or geographic name entry element Medical care.
650 #0 - SUBJECT ADDED ENTRY--TOPICAL TERM
Topical term or geographic name entry element Decision making.
700 1# - ADDED ENTRY--PERSONAL NAME
Personal name Daniel, Eileen L.
856 42 - ELECTRONIC LOCATION AND ACCESS
Materials specified Publisher description
Uniform Resource Identifier <a href="http://www.loc.gov/catdir/enhancements/fy0814/2008270599-d.html">http://www.loc.gov/catdir/enhancements/fy0814/2008270599-d.html</a>
856 41 - ELECTRONIC LOCATION AND ACCESS
Materials specified Table of contents only
Uniform Resource Identifier <a href="http://www.loc.gov/catdir/enhancements/fy0814/2008270599-t.html">http://www.loc.gov/catdir/enhancements/fy0814/2008270599-t.html</a>
942 ## - ADDED ENTRY ELEMENTS (KOHA)
Source of classification or shelving scheme Library of Congress Classification
Koha item type Books
Edition 8th ed.
Suppress in OPAC No
999 ## -
-- 3694
-- 3694
Holdings
Withdrawn status Lost status Source of classification or shelving scheme Damaged status Not for loan Collection Home library Current library Shelving location Date acquired Total checkouts Full call number Barcode Date last seen Copy number Price effective from Koha item type
    Library of Congress Classification     Non-fiction Science Library (Miotso) Science Library (Miotso) General stacks 02/08/2025   RA776.9 .T35 TAK SLM00003262 02/08/2025 1 02/08/2025 Books
© 2023-2024 Copyright: Central University Libraries. All Rights Reserved | Created by: Mahone Tech Office